| 000 | 00375nam a2200145 i 4500 | ||
|---|---|---|---|
| 001 | bg | ||
| 100 | 1 | _aCEKIERA, Czesław | |
| 245 | 0 |
_aToksykomania : _bnarkomania, lekomania, alkoholizm, nikotynizm / _cCzesław Cekiera. |
|
| 260 |
_aWarszawa, _c1985. |
||
| 040 | _cBPK | ||
| 041 | _apol | ||
| 080 | _a613.81/.84 | ||
| 942 | _cKS | ||
| 008 | s pl f |000 0 pol | ||
| 999 |
_c28234 _d28234 |
||
| 856 |
_uhttp://koha.tu.koszalin.pl/cgi-bin/koha/opac-detail.pl?biblionumber=28234 _yKatalog online BPK |
||